[Event "Luanda Energias Cup"]
[Site "Luanda"]
[Date "2023.07.08"]
[Round "1"]
[White "Domingos, Catarino"]
[Black "Pascoal, Eduardo A"]
[Result "1/2-1/2"]
[WhiteElo "2201"]
[BlackElo "2137"]
[PlyCount "63"]
[EventDate "2023.07.08"]
[EventType "tourn"]
[EventRounds "9"]
[EventCountry "ANG"]
[SourceTitle "EXT 2024"]
[Source "ChessBase"]
[SourceDate "2023.10.10"]
[SourceVersion "1"]
[SourceVersionDate "2023.10.10"]
[SourceQuality "1"]

1. Nf3 d5 2. g3 Bg4 3. Bg2 Nd7 4. d4 e6 5. 0-0 Bd6 6. c4 c6 7. Qb3 Qb8 8. cxd5 exd5 9. Qe3+ Ne7 10. Qg5 Bxf3 11. Bxf3 0-0 12. e4 dxe4 13. Bxe4 Nf6 14. Bc2 Qc8 15. Qh4 Nf5 16. Bxf5 Qxf5 17. Nc3 Rfe8 18. Kg2 b5 19. Qg5 Qe6 20. a3 a5 21. Qe3 Qc4 22. Qf3 b4 23. Na4 Qb5 24. axb4 axb4 25. b3 Qd5 26. Ra2 Ng4 27. Qxd5 cxd5 28. Bd2 Re2 29. h3 Nf6 30. Re1 Re4 31. Rxe4 Nxe4 32. Bc1 1/2-1/2

[Event "Africa-ch"]
[Site "Livingstone"]
[Date "2018.05.14"]
[Round "3"]
[White "Domingos, Catarino"]
[Black "Oatlhotse, Providence"]
[Result "1/2-1/2"]
[WhiteElo "2281"]
[BlackElo "2196"]
[PlyCount "153"]
[EventDate "2018.05.13"]
[EventType "swiss"]
[EventRounds "9"]
[EventCountry "ZAM"]
[SourceTitle "CBM 184 Extra"]
[Source "ChessBase"]
[SourceDate "2018.06.28"]
[SourceVersion "1"]
[SourceVersionDate "2018.06.28"]
[SourceQuality "1"]

1. e4 c5 2. Nf3 d6 3. Nc3 Nf6 4. g3 Nc6 5. Bg2 g6 6. d4 cxd4 7. Nxd4 Bd7 8. Nde2 Bg7 9. 0-0 0-0 10. b3 Rc8 11. Bb2 a6 12. a4 Na5 13. Nd4 Qb6 14. Rb1 e6 15. Nde2 Rfd8 16. h3 Be8 17. Qd2 Qc7 18. Nd4 Nc6 19. Nxc6 Bxc6 20. Rfe1 b5 21. axb5 axb5 22. Na2 d5 23. e5 Nd7 24. Nb4 Bb7 25. f4 Bf8 26. Bd4 Nc5 27. c3 Ne4 28. Bxe4 dxe4 29. Rbd1 e3 30. Rxe3 Bxb4 31. cxb4 Qc6 32. Rd3 Qh1+ 33. Kf2 Qxh3 34. Bc5 Bd5 35. Qe3 Ra8 36. Ke1 Ra2 37. R1d2 Rda8 38. Rxa2 Rxa2 39. Rd2 Ra1+ 40. Rd1 Qh1+ 41. Qg1 Rxd1+ 42. Kxd1 Qf3+ 43. Kd2 Qxb3 44. Qe3 Qb2+ 45. Ke1 h5 46. Be7 Qb1+ 47. Kd2 Qb2+ 48. Ke1 Bc4 49. Bc5 Qc2 50. Bd6 Bb3 51. Bc5 Qd1+ 52. Kf2 Bc4 53. Qe1 Qc2+ 54. Ke3 Qd3+ 55. Kf2 Kh7 56. Bd6 g5 57. fxg5 Kg6 58. Qc1 Qe2+ 59. Kg1 Bd5 60. Qf1 Qe3+ 61. Qf2 Qc1+ 62. Qf1 Qxg5 63. Qd3+ Qf5 64. Qxf5+ Kxf5 65. Kf2 Ke4 66. Bc7 Bc4 67. Bd6 Bd3 68. Bc7 Bc2 69. Bd6 Bd1 70. Bb8 Kd4 71. Bc7 Bg4 72. Bb8 Bd1 73. Bc7 Kc4 74. Bd6 Kd5 75. Bb8 Ke4 76. Bc7 Bb3 77. Bb8 1/2-1/2

[Event "Africa zt 4.3 op"]
[Site "Blantyre"]
[Date "2015.04.19"]
[Round "3.1"]
[White "Jere, Daniel"]
[Black "Domingos, Catarino"]
[Result "1/2-1/2"]
[WhiteElo "2367"]
[BlackElo "2270"]
[PlyCount "72"]
[EventDate "2015.04.18"]
[EventType "swiss"]
[EventRounds "9"]
[EventCountry "MWI"]
[SourceTitle "EXT 2024"]
[Source "ChessBase"]
[SourceDate "2023.10.10"]
[SourceVersion "1"]
[SourceVersionDate "2023.10.10"]
[SourceQuality "1"]

1. Nf3 d5 2. c4 e6 3. g3 Nf6 4. Bg2 Be7 5. 0-0 0-0 6. b3 Nbd7 7. Bb2 c6 8. d4 b6 9. Nfd2 Bb7 10. e4 dxe4 11. Nxe4 Nxe4 12. Bxe4 Nf6 13. Bg2 Qd7 14. Qe2 c5 15. Bxb7 Qxb7 16. dxc5 Bxc5 17. Bxf6 gxf6 18. Nc3 f5 19. Rad1 Rad8 20. Qh5 Qe7 21. Ne2 Rxd1 22. Rxd1 Rd8 23. Rxd8+ Qxd8 24. Nf4 Qd4 25. Qe2 Kf8 26. Kg2 Qe4+ 27. Qxe4 fxe4 28. f3 exf3+ 29. Kxf3 Kg7 30. g4 Kf6 31. Nd3 Bd6 32. h4 a5 33. Ke4 Ke7 34. Ne5 f6 35. Nd3 Kd7 36. Nf4 Be7 1/2-1/2

[Event "Figueira da Foz op 8th"]
[Site "Figueira da Foz"]
[Date "2014.11.27"]
[Round "6"]
[White "Padeiro, Jose Joao Tato"]
[Black "Domingos, Catarino"]
[Result "1/2-1/2"]
[WhiteElo "2306"]
[BlackElo "2253"]
[PlyCount "95"]
[EventDate "2014.11.23"]
[EventType "swiss"]
[EventRounds "9"]
[EventCountry "POR"]
[SourceTitle "CBM 163 Extra"]
[Source "ChessBase"]
[SourceDate "2014.12.23"]
[SourceVersion "1"]
[SourceVersionDate "2014.12.23"]
[SourceQuality "1"]

1. Nf3 d5 2. c4 e6 3. b3 Nf6 4. Bb2 Be7 5. e3 0-0 6. Be2 c6 7. 0-0 Nbd7 8. Nc3 Bd6 9. d4 Qe7 10. Qc2 dxc4 11. bxc4 e5 12. Bd3 Re8 13. Ng5 Nf8 14. Nce4 Nxe4 15. Nxe4 exd4 16. Nxd6 Qxd6 17. exd4 Bd7 18. Rad1 Rad8 19. Qc3 Qh6 20. d5 cxd5 21. cxd5 Ng6 22. Qc7 Ba4 23. Bxg6 Qxg6 24. Rd2 Bb5 25. Rc1 Qe4 26. h3 Rd7 27. Qg3 Qg6 28. Qb3 Ba6 29. Ba3 h6 30. Kh2 Qe4 31. Kg1 Qf5 32. d6 Kh7 33. Qg3 Qg6 34. Qxg6+ Kxg6 35. f3 Bb5 36. Kf2 Bc6 37. g4 f5 38. Rd4 Re5 39. Rc3 Kf7 40. Re3 Rxe3 41. Kxe3 Ke6 42. Rd2 Rf7 43. f4 Kd7 44. Bb2 g6 45. Be5 Rf8 46. Rd1 Be4 47. Rc1 Rc8 48. Rxc8 1/2-1/2

[Event "Figueira da Foz op 8th"]
[Site "Figueira da Foz"]
[Date "2014.11.25"]
[Round "4"]
[White "Lavrador, Rodolfo Manuel"]
[Black "Domingos, Catarino"]
[Result "1/2-1/2"]
[WhiteElo "1981"]
[BlackElo "2253"]
[PlyCount "114"]
[EventDate "2014.11.23"]
[EventType "swiss"]
[EventRounds "9"]
[EventCountry "POR"]
[SourceTitle "CBM 163 Extra"]
[Source "ChessBase"]
[SourceDate "2014.12.23"]
[SourceVersion "1"]
[SourceVersionDate "2014.12.23"]
[SourceQuality "1"]

1. e4 d6 2. d4 Nf6 3. Nc3 g6 4. Nf3 Bg7 5. Be2 0-0 6. 0-0 c6 7. Bg5 h6 8. Bh4 Qc7 9. h3 Nh5 10. Nh2 Nf4 11. Bf3 e5 12. dxe5 dxe5 13. Ng4 f5 14. exf5 gxf5 15. Ne3 Ng6 16. g3 Nxh4 17. gxh4 e4 18. Bh5 Qe7 19. Ng2 Nd7 20. f4 Nb6 21. Qe1 Nc4 22. Kh2 Be6 23. b3 Nb6 24. Rd1 Rad8 25. Qg3 Kh8 26. Ne2 Rg8 27. Bg6 Rxd1 28. Rxd1 Rd8 29. Qe1 Bf6 30. h5 Rxd1 31. Qxd1 Qc5 32. c4 Nd7 33. Qg1 Qxg1+ 34. Kxg1 Nf8 35. Be8 Kg7 36. Kf2 Be7 37. Ng3 Kf6 38. Nh4 Bd6 39. Ke3 Ba3 40. Ne2 Bc5+ 41. Kd2 Bf2 42. Ng6 Nxg6 43. Bxg6 a5 44. Be8 Ke7 45. Bg6 Kd6 46. Nc3 Kc5 47. Nd1 Bg3 48. Ke3 Kb4 49. Bh7 Ka3 50. Nc3 Bh2 51. Ne2 Kxa2 52. Kd4 Kxb3 53. Ke5 Bxc4 54. Nd4+ Kc3 55. Nxf5 a4 56. Kxe4 a3 57. Ne3 Bd3+ 1/2-1/2

[Event "Olympiad-41"]
[Site "Tromsoe"]
[Date "2014.08.08"]
[Round "6.1"]
[White "Husbands, Orlando"]
[Black "Domingos, Catarino"]
[Result "1/2-1/2"]
[WhiteElo "2118"]
[BlackElo "2280"]
[PlyCount "152"]
[EventDate "2014.08.02"]
[EventType "team-swiss"]
[EventRounds "11"]
[EventCountry "NOR"]
[SourceTitle "CBM 162"]
[Source "ChessBase"]
[SourceDate "2014.09.17"]
[SourceVersion "1"]
[SourceVersionDate "2014.09.17"]
[SourceQuality "1"]
[WhiteTeam "Barbados"]
[BlackTeam "Angola"]
[WhiteTeamCountry "BAR"]
[BlackTeamCountry "ANG"]

1. e4 e5 2. Nf3 Nc6 3. d4 exd4 4. Bc4 Nf6 5. e5 d5 6. Bb5 Ne4 7. Nxd4 Bd7 8. Bxc6 bxc6 9. 0-0 Bc5 10. Be3 Bb6 11. Nc3 Nxc3 12. bxc3 0-0 13. Qd2 Re8 14. Bg5 Qc8 15. Qf4 c5 16. Ne2 Bb5 17. Rfe1 Qe6 18. a4 Bxe2 19. Rxe2 c6 20. Qg3 Bc7 21. f4 Qg6 22. Rae1 c4 23. Qf3 Rab8 24. h4 Qf5 25. g4 Qd7 26. f5 Bxe5 27. Rxe5 Rxe5 28. Rxe5 f6 29. Bxf6 gxf6 30. Re6 c5 31. g5 fxg5 32. hxg5 d4 33. g6 d3 34. gxh7+ Kh8 35. Qg3 Rf8 36. Rg6 Qe8 37. cxd3 cxd3 38. c4 Qb8 39. Qxd3 Qb2 40. Qg3 Qc1+ 41. Kh2 Qc2+ 42. Kg1 Qc1+ 43. Kg2 Qc2+ 44. Qf2 Qxf2+ 45. Kxf2 Rxf5+ 46. Ke3 Kxh7 47. Rc6 Kg7 48. Ke4 Rh5 49. Re6 Kf7 50. Re5 Rh6 51. Rxc5 Ra6 52. a5 Ke7 53. Rh5 Kd7 54. Kd4 Kc7 55. Kc3 Kb7 56. Rh7+ Kb8 57. Kb4 Rg6 58. Rd7 Rg1 59. Kb5 Rg6 60. Kc5 Rg5+ 61. Kc6 Rg6+ 62. Rd6 Rg8 63. c5 Rc8+ 64. Kb5 Rh8 65. Rd7 Rc8 66. c6 Rg8 67. Rb7+ Kc8 68. Rxa7 Rg1 69. Rb7 Rb1+ 70. Ka6 Rc1 71. Kb6 Rb1+ 72. Ka7 Rc1 73. Rb6 Kc7 74. a6 Rc2 75. Rb7+ Kxc6 76. Kb8 Rh2 1/2-1/2

[Event "Olympiad-40"]
[Site "Istanbul"]
[Date "2012.09.05"]
[Round "8.1"]
[White "Domingos, Catarino"]
[Black "Sidi Mbareck, Mohamed"]
[Result "1-0"]
[WhiteElo "2280"]
[BlackElo "1947"]
[PlyCount "92"]
[EventDate "2012.08.28"]
[EventType "team-swiss"]
[EventRounds "11"]
[EventCountry "TUR"]
[SourceTitle "CBM 151"]
[Source "ChessBase"]
[SourceDate "2012.11.13"]
[SourceVersion "1"]
[SourceVersionDate "2012.11.13"]
[SourceQuality "1"]
[WhiteTeam "Angola"]
[BlackTeam "Mauritania"]
[WhiteTeamCountry "ANG"]
[BlackTeamCountry "MAU"]

1. d4 Nf6 2. c4 g6 3. Nc3 Bg7 4. g3 0-0 5. Bg2 d6 6. Nf3 Nbd7 7. 0-0 e5 8. e4 c6 9. b3 exd4 10. Nxd4 Nc5 11. Bb2 Re8 12. Re1 a5 13. Qc2 Qb6 14. h3 a4 15. Nxa4 Nxa4 16. bxa4 Nd7 17. Red1 Nc5 18. Rab1 Qa6 19. a5 Qxa5 20. Nb3 Qc7 21. Bxg7 Kxg7 22. Rd2 Be6 23. Rbd1 Red8 24. Qb2+ Kg8 25. Qf6 Na4 26. Bf1 Re8 27. Rxd6 Qe7 28. Qd4 Bd5 29. e5 Be6 30. Rd2 Qg5 31. Kh2 h5 32. f4 Qf5 33. Qe3 Kg7 34. Nd4 Qb1 35. Bd3 Qc1 36. Nxe6+ Rxe6 37. Rxe6 fxe6 38. Bc2 Kh6 39. Qd3 Rg8 40. Bxa4 h4 41. gxh4 Qe1 42. Qd4 Qf1 43. Qf2 Qc1 44. Qg2 Rg7 45. Bc2 Qe1 46. Qg5+ Kh7 1-0

[Event "African Games op 10th"]
[Site "Maputo"]
[Date "2011.09.14"]
[Round "9.3"]
[White "Domingos, Catarino"]
[Black "Adebayo, Adegboyega"]
[Result "1-0"]
[WhiteElo "2242"]
[BlackElo "2284"]
[PlyCount "81"]
[EventDate "2011.09.05"]
[EventType "team-swiss"]
[EventRounds "9"]
[EventCountry "MOZ"]
[SourceTitle "CBM 144 Extra"]
[Source "ChessBase"]
[SourceDate "2011.10.28"]
[SourceVersion "1"]
[SourceVersionDate "2011.10.28"]
[SourceQuality "1"]
[WhiteTeam "Angola"]
[BlackTeam "Nigeria"]
[WhiteTeamCountry "ANG"]
[BlackTeamCountry "NGR"]

1. d4 e6 2. c4 d5 3. Nf3 c6 4. Nc3 dxc4 5. a4 Bb4 6. e3 b5 7. Be2 Bb7 8. 0-0 a6 9. e4 Nf6 10. Qc2 Nbd7 11. Bg5 h6 12. Bh4 Qb6 13. Rfd1 0-0 14. Ne5 Rfe8 15. Bf3 Be7 16. Bg3 Rad8 17. Nxf7 Kxf7 18. e5 c5 19. exf6 Nxf6 20. dxc5 Bxc5 21. Bxb7 Qxb7 22. axb5 axb5 23. Ra5 Nd5 24. Rxb5 Qc6 25. Ra5 Nxc3 26. bxc3 Qe4 27. Qc1 Rxd1+ 28. Qxd1 Rd8 29. Qc1 Rd2 30. Ra1 Qc2 31. Qxc2 Rxc2 32. Kf1 g5 33. Ra5 Be7 34. Be5 g4 35. Ra7 Ke8 36. Rc7 Rc1+ 37. Ke2 Rg1 38. Rxc4 h5 39. Rc8+ Kf7 40. c4 h4 41. c5 1-0

[Event "African Games op 10th"]
[Site "Maputo"]
[Date "2011.09.08"]
[Round "4.4"]
[White "Alice, Mateus Felizardo Vi"]
[Black "Domingos, Catarino"]
[Result "0-1"]
[WhiteElo "2129"]
[BlackElo "2242"]
[PlyCount "128"]
[EventDate "2011.09.05"]
[EventType "team-swiss"]
[EventRounds "9"]
[EventCountry "MOZ"]
[SourceTitle "CBM 144 Extra"]
[Source "ChessBase"]
[SourceDate "2011.10.28"]
[SourceVersion "1"]
[SourceVersionDate "2011.10.28"]
[SourceQuality "1"]
[WhiteTeam "Mozambique"]
[BlackTeam "Angola"]
[WhiteTeamCountry "MOZ"]
[BlackTeamCountry "ANG"]

1. e4 c5 2. Nf3 d6 3. d4 cxd4 4. Nxd4 Nf6 5. Nc3 a6 6. Be2 e6 7. a4 Nc6 8. Be3 Qc7 9. 0-0 Be7 10. Kh1 0-0 11. f4 Bd7 12. Nb3 b6 13. Bf3 Rab8 14. Qe2 Nb4 15. Rfd1 e5 16. Nc1 Be6 17. Nd3 Nc6 18. f5 Bc4 19. b3 Bxd3 20. cxd3 Nd4 21. Bxd4 exd4 22. Na2 b5 23. Nb4 Qd7 24. a5 d5 25. Nxd5 Nxd5 26. exd5 Rfe8 27. Be4 Bg5 28. Rf1 Qd6 29. Qh5 Qh6 30. Qg4 Rbd8 31. Rf3 Qf6 32. Rf2 Rc8 33. g3 Be3 34. Re2 Rc3 35. Rb1 Rec8 36. h4 Qd6 37. Kg2 Rc2 38. f6 Rxe2+ 39. Qxe2 Qxf6 40. Rf1 Qe7 41. Qg4 Rc2+ 42. Kh3 g6 43. h5 Kg7 44. Bg2 Rb2 45. h6+ Kg8 46. Qc8+ Qf8 47. Qxf8+ Kxf8 48. d6 f5 49. Bb7 Rxb3 50. Bxa6 Rxd3 51. Bxb5 Rb3 52. Bc4 Rc3 53. Bb5 d3 54. a6 d2 55. Rd1 Bf4 56. Kg2 Rxg3+ 57. Kf1 Ra3 58. d7 Ke7 59. Ke2 Ra5 60. Rb1 g5 61. Kd1 g4 62. Kc2 g3 63. Bf1 Kxd7 64. Be2 Rc5+ 0-1

[Event "Olympiad-37"]
[Site "Turin"]
[Date "2006.05.29"]
[Round "8"]
[White "Domingos, Catarino"]
[Black "Mouradian, Knarik Jacob"]
[Result "1-0"]
[WhiteElo "2250"]
[BlackElo "2190"]
[PlyCount "111"]
[EventDate "2006.05.21"]
[EventType "team-swiss"]
[EventRounds "13"]
[EventCountry "ITA"]
[SourceTitle "CBM 113"]
[Source "ChessBase"]
[SourceDate "2006.07.31"]
[SourceVersion "1"]
[SourceVersionDate "2006.07.31"]
[SourceQuality "1"]
[WhiteTeam "Angola"]
[BlackTeam "Lebanon"]
[WhiteTeamCountry "ANG"]
[BlackTeamCountry "LBN"]

1. d4 d5 2. Nf3 Nf6 3. c4 c6 4. cxd5 cxd5 5. Nc3 Nc6 6. Bf4 a6 7. e3 Bg4 8. Be2 e6 9. Qb3 Ra7 10. h3 Bxf3 11. Bxf3 Bd6 12. Bxd6 Qxd6 13. 0-0 b5 14. Rfd1 0-0 15. Qc2 Rc7 16. Qd2 Rfc8 17. Qe1 h6 18. Be2 Ne4 19. Nxe4 dxe4 20. a3 Ne7 21. f3 Nd5 22. Qf2 exf3 23. Qxf3 Rc2 24. Rab1 Qe7 25. Bd3 R2c7 26. Rf1 Qg5 27. Rbe1 Nf6 28. Qf2 Nh5 29. Kh2 e5 30. Bf5 Re8 31. d5 Qd8 32. Rd1 Qd6 33. e4 Nf6 34. Rd3 Ree7 35. Re3 Ne8 36. Bg4 Qc5 37. Re2 Nd6 38. Qe1 Qb6 39. Qg3 Rc4 40. Bf3 Qc7 41. Qf2 a5 42. Kg1 b4 43. axb4 axb4 44. Ra1 Nb5 45. Bg4 Rc1+ 46. Rxc1 Qxc1+ 47. Re1 Qc7 48. Ra1 Re8 49. Qd2 Qc5+ 50. Kh2 Nd6 51. Qe2 Qd4 52. Bf3 Rc8 53. Ra6 Qc5 54. Bg4 Rc7 55. Qf3 Ra7 56. Rc6 1-0

[Event "Olympiad-37"]
[Site "Turin"]
[Date "2006.05.21"]
[Round "1"]
[White "Domingos, Catarino"]
[Black "Gausel, Einar"]
[Result "0-1"]
[WhiteElo "2250"]
[BlackElo "2509"]
[PlyCount "114"]
[EventDate "2006.05.21"]
[EventType "team-swiss"]
[EventRounds "13"]
[EventCountry "ITA"]
[SourceTitle "CBM 113"]
[Source "ChessBase"]
[SourceDate "2006.07.31"]
[SourceVersion "1"]
[SourceVersionDate "2006.07.31"]
[SourceQuality "1"]
[WhiteTeam "Angola"]
[BlackTeam "Norway"]
[WhiteTeamCountry "ANG"]
[BlackTeamCountry "NOR"]

1. d4 Nf6 2. c4 c5 3. dxc5 e6 4. Nc3 Bxc5 5. Nf3 Nc6 6. a3 0-0 7. e3 b6 8. Be2 Bb7 9. 0-0 Rc8 10. b4 Be7 11. Bb2 a5 12. b5 Nb8 13. Bd3 d6 14. Qe2 Nbd7 15. Rac1 Nc5 16. Bc2 Qc7 17. Nb1 Qb8 18. Nbd2 Qa8 19. Rfd1 Rc7 20. Re1 Rfc8 21. e4 Ncd7 22. h3 e5 23. Bb1 g6 24. Qe3 Nh5 25. Kh2 Nf4 26. Rcd1 Ne6 27. Bd3 Ndc5 28. Bf1 Rf8 29. Bd3 f6 30. Bc2 Rf7 31. Nb1 Qf8 32. Nc3 Rd7 33. Nd5 Bd8 34. Re2 Bxd5 35. cxd5 Ng7 36. Nd2 f5 37. exf5 Nxf5 38. Bxf5 Rxf5 39. Kg1 Bg5 40. Qg3 Bf4 41. Qh4 Bxd2 42. Rdxd2 Rf4 43. Qg3 Ne4 44. Rxe4 Rxe4 45. Rc2 Re1+ 46. Kh2 Qf4 47. Qxf4 exf4 48. h4 Rd1 49. Rc8+ Kf7 50. Rc6 Rb1 51. Rc2 a4 52. Bc1 Rxb5 53. Rc4 Rxd5 54. Rxa4 f3 55. gxf3 b5 56. Ra8 Rd3 57. Kg3 d5 0-1

[Event "Africa-ch"]
[Site "Lusaka"]
[Date "2005.11.06"]
[Round "2"]
[White "Domingos, Catarino"]
[Black "Andrade, Ivan"]
[Result "1/2-1/2"]
[WhiteElo "2240"]
[BlackElo "2111"]
[PlyCount "97"]
[EventDate "2005.11.05"]
[EventType "swiss"]
[EventRounds "9"]
[EventCountry "ZAM"]
[SourceTitle "EXT 2006"]
[Source "ChessBase"]
[SourceDate "2005.11.24"]
[SourceVersion "1"]
[SourceVersionDate "2005.11.24"]
[SourceQuality "1"]

1. e4 c5 2. Nf3 d6 3. Bc4 e6 4. Qe2 Nc6 5. c3 a6 6. Bb3 Bd7 7. d3 Nf6 8. 0-0 Qb6 9. Nbd2 Qc7 10. Rd1 Be7 11. Nf1 0-0 12. Ng3 Rfe8 13. d4 cxd4 14. Nxd4 Na5 15. Bc2 g6 16. h3 Rac8 17. Bh6 Nc4 18. Bd3 b5 19. Nf3 Kh8 20. Bg5 Ne5 21. Nxe5 dxe5 22. a4 bxa4 23. Bc2 Bb5 24. Qf3 Ng8 25. Bxe7 Qxe7 26. Bxa4 Qb7 27. Bxb5 axb5 28. Qe3 Ra8 29. Qc5 f6 30. Rxa8 Rxa8 31. Qd6 Ra6 32. Qd7 Qxd7 33. Rxd7 Ra2 34. b4 Rc2 35. Rc7 Rc1+ 36. Nf1 f5 37. exf5 exf5 38. Rc5 Nf6 39. f3 e4 40. Kf2 f4 41. Rc8+ Kg7 42. fxe4 Nxe4+ 43. Kf3 Rxc3+ 44. Rxc3 Nxc3 45. Nd2 Kf6 46. Kxf4 Nd5+ 47. Kf3 Kf5 48. Ne4 h6 49. h4 1/2-1/2

[Event "Olympiad-36"]
[Site "Mallorca"]
[Date "2004.10.29"]
[Round "14"]
[White "Zhidkov, Valery S"]
[Black "Domingos, Catarino"]
[Result "1-0"]
[WhiteElo "2394"]
[BlackElo "2227"]
[PlyCount "125"]
[EventDate "2004.10.15"]
[EventType "team-swiss"]
[EventRounds "14"]
[EventCountry "ESP"]
[SourceTitle "CBM 104"]
[Source "ChessBase"]
[SourceDate "2005.01.27"]
[SourceVersion "1"]
[SourceVersionDate "2005.01.27"]
[SourceQuality "1"]
[WhiteTeam "IPCA"]
[BlackTeam "Angola"]
[BlackTeamCountry "ANG"]

1. d4 Nf6 2. Nf3 e6 3. c4 b6 4. g3 Ba6 5. Nbd2 Be7 6. Bg2 0-0 7. 0-0 Bb7 8. Qc2 c5 9. e4 cxd4 10. Nxd4 Nc6 11. Nxc6 Bxc6 12. e5 Ne8 13. Bxc6 dxc6 14. Qe4 Qc7 15. Nf3 g6 16. Bf4 Ng7 17. g4 Rfd8 18. Rad1 Rd7 19. Rd4 Bc5 20. Rxd7 Qxd7 21. Bg5 Rc8 22. Qe2 Be7 23. Rd1 Qc7 24. Qd2 Ne8 25. Bxe7 Qxe7 26. Qg5 Qxg5 27. Nxg5 f6 28. Nxe6 fxe5 29. Rd8 Rxd8 30. Nxd8 c5 31. Nc6 Kf7 32. Nxe5+ Ke6 33. Nd3 Nd6 34. b3 Ne4 35. Kf1 Nc3 36. a4 Ne4 37. Ke2 Nd6 38. Ke3 Nb7 39. f4 Na5 40. Nc1 Nc6 41. Ke4 Na5 42. Kd3 h5 43. h3 hxg4 44. hxg4 Nc6 45. Ke4 Na5 46. f5+ gxf5+ 47. gxf5+ Kf6 48. Kf4 Nc6 49. Ne2 Na5 50. Nc3 Nxb3 51. Ne4+ Ke7 52. Ke5 Nd4 53. f6+ Kd7 54. Ng5 Nc6+ 55. Kf5 Nd8 56. Kg6 a6 57. f7 Ke7 58. Kg7 Nxf7 59. Nxf7 b5 60. axb5 axb5 61. cxb5 c4 62. b6 c3 63. b7 1-0

[Event "Olympiad-36"]
[Site "Mallorca"]
[Date "2004.10.25"]
[Round "10"]
[White "Wagener, Claude"]
[Black "Domingos, Catarino"]
[Result "1-0"]
[WhiteElo "2242"]
[BlackElo "2227"]
[PlyCount "140"]
[EventDate "2004.10.15"]
[EventType "team-swiss"]
[EventRounds "14"]
[EventCountry "ESP"]
[SourceTitle "CBM 104"]
[Source "ChessBase"]
[SourceDate "2005.01.27"]
[SourceVersion "1"]
[SourceVersionDate "2005.01.27"]
[SourceQuality "1"]
[WhiteTeam "Luxembourg"]
[BlackTeam "Angola"]
[WhiteTeamCountry "LUX"]
[BlackTeamCountry "ANG"]

1. e4 c5 2. Nf3 d6 3. d4 cxd4 4. Nxd4 Nf6 5. Nc3 Nc6 6. Bg5 e6 7. Qd2 Qb6 8. Nb3 Be7 9. f3 0-0 10. 0-0-0 Rd8 11. Nb5 Rd7 12. N5d4 a6 13. h4 Qc7 14. g4 d5 15. Nxc6 bxc6 16. e5 Ne8 17. f4 f6 18. exf6 Bxf6 19. Bd3 Rf7 20. h5 e5 21. Bxf6 Nxf6 22. g5 e4 23. Be2 Ng4 24. Rdf1 e3 25. Qd4 Nf2 26. g6 Re7 27. gxh7+ Kh8 28. Rh4 Kxh7 29. Bd3+ Nxd3+ 30. Qxd3+ Kg8 31. h6 e2 32. Re1 Re4 33. Rxe2 Bf5 34. Rxe4 Bxe4 35. Qg3 g6 36. h7+ Kh8 37. Qc3+ Qg7 38. Qxc6 Rf8 39. Qd6 Qf6 40. Qxf6+ Rxf6 41. Nd4 g5 42. fxg5 Rf1+ 43. Kd2 Rg1 44. Rh6 Rxg5 45. Rxa6 Kxh7 46. Rf6 Rg2+ 47. Kc3 Kg7 48. Rf4 Rg3+ 49. Kb4 Rg2 50. Kb3 Rg3+ 51. c3 Rg2 52. a4 Bd3 53. Ka3 Rg1 54. b3 Kg6 55. Kb4 Ra1 56. Rf2 Be4 57. Ne6 Rd1 58. a5 Bf5 59. Nd4 Bd3 60. Rf8 Be4 61. Nc6 Ra1 62. Nd4 Kg7 63. Rc8 Kf7 64. Kb5 Ke7 65. Kb6 Bd3 66. b4 Kd7 67. Rc5 Bc4 68. b5 Ra3 69. a6 Rxc3 70. a7 Ra3 1-0

[Event "Olympiad-36"]
[Site "Mallorca"]
[Date "2004.10.23"]
[Round "8"]
[White "Domingos, Catarino"]
[Black "Dos Ramos, Ricardo"]
[Result "1-0"]
[WhiteElo "2227"]
[BlackElo "2203"]
[PlyCount "79"]
[EventDate "2004.10.15"]
[EventType "team-swiss"]
[EventRounds "14"]
[EventCountry "ESP"]
[SourceTitle "CBM 104"]
[Source "ChessBase"]
[SourceDate "2005.01.27"]
[SourceVersion "1"]
[SourceVersionDate "2005.01.27"]
[SourceQuality "1"]
[WhiteTeam "Angola"]
[BlackTeam "Surinam"]
[WhiteTeamCountry "ANG"]
[BlackTeamCountry "SUR"]

1. d4 d5 2. Nf3 Nf6 3. c4 c6 4. Nc3 e6 5. e3 Nbd7 6. Bd3 dxc4 7. Bxc4 b5 8. Bd3 Bb7 9. 0-0 Be7 10. e4 a6 11. e5 Nd5 12. Ne4 h6 13. Qe2 Rc8 14. Bd2 c5 15. dxc5 Nxc5 16. Nxc5 Bxc5 17. a4 Nb4 18. Bxb4 Bxb4 19. Bxb5+ Kf8 20. Bxa6 Bxf3 21. Qxf3 Rc7 22. Rad1 Qb8 23. Qb3 Ke7 24. Qg3 Kf8 25. Bb5 Be7 26. h4 g5 27. h5 Rg8 28. Rd4 Rc5 29. Re1 Rc7 30. Red1 Kg7 31. b3 Rd8 32. Rxd8 Bxd8 33. Bc4 Rc5 34. f4 Rc7 35. Kh1 Be7 36. Qg4 Qc8 37. Rf1 Bd8 38. f5 exf5 39. Rxf5 Qd7 40. Rxf7+ 1-0